Education and training to exploit the land and its product (Rubber)
| Main Author: | |
|---|---|
| Format: | Book |
| Published: |
1978
|
| Subjects: |
MARC
| LEADER | 00000cam a2200000 7i4500 | ||
|---|---|---|---|
| 001 | 0000016743 | ||
| 005 | 20060622.0 | ||
| 040 | |a INS | ||
| 090 | 0 | 0 | |a KK282 |
| 100 | 1 | |a Samsudin Tugiman | |
| 245 | 1 | 0 | |a Education and training to exploit the land and its product (Rubber) |c Dr Samsudin Tugiman |
| 260 | |a 1978 | ||
| 300 | |a 15 p. ; |c 33 cm. | ||
| 650 | 0 | 0 | |a Rubber plants |
| 999 | |a KK00000676 |b BOOK |c Open Shelf |e Default branch | ||
| 999 | |a KK00000677 |b BOOK |c Open Shelf |e Default branch | ||